000 01013nam a22002537a 4500
005 20220513114609.0
008 220513s2004 sp |||gr|||| 00| 0 spa d
020 _a843762178X
040 _aCO-BoUCM
_bspa
_cDeissy Garcia
_dDeissy Garcia
041 0 _aspa
245 0 0 _aMás allá del hombre económico
_beconomía y teoría feminista
_cedición Marianne A. Ferber, Julie A. Nelson
260 _aMadrid
_aValencia
_bEdiciones Cátedra
_bUniversitat de València, Instituto de la Mujer
_c2004
300 _a253 páginas
490 0 _aFeminismos
500 _aBibliografía Básica - Escuela de Ciencias Humanas - Pregrado en Historia
504 _aIncluye referencias bibliográficas
650 0 _9174737
_aEconomía feminista
650 7 _9174
_aEconomía
650 7 _aFeminismo
_xAspectos económicos
_9174739
700 1 _9174738
_aFerber, Marianne A.
_eeditor
700 _9167830
_aNelson, Julie A
_eeditor
942 _2DEWEY
_a7
_cLIBRO
_e1
_h330.082
_mM939
_n0
999 _c321188
_d321188